Najlepsi polscy allblinderzy - Statystyki

Ogólne statystyki
  • Ten quiz został rozwiązany 64 razy
  • Średni wynik to 15 z 31
Statystyki odpowiedzi
SOR Zawodnik % Poprawnych
10 Adrian Dębski
98%
31 Krzysztof Bober
93%
13 Kamil Przybylski
92%
21 Marcin Kowalczyk
80%
86 Michał Bogdan
75%
83 Wojciech Rogoziński
73%
83 Radomił Baran
72%
58 Arkadiusz Żynel
70%
21 Grzegorz Jałocha
70%
53 Tomasz Cepil
65%
40 Mikołaj Salamon
62%
93 Radosław Opoka
60%
50 Marcin Zalewski
57%
79 Kamil Michalak
55%
97 Kacper Paweł Dworak
55%
39 Karol Piskorek
55%
32 Witali Bułatow
52%
98 Mikołaj Morawski
50%
94 Paweł Duraj
45%
71 Stanisław Szyszka
40%
108 Jakub Dłużak
35%
118 Wojciech Szatanowski
35%
79 Michał Wroński
25%
132 Michał Wachowiak
23%
132 Szymon Kasprzycki
22%
85 Rafał Guzewicz
18%
107 Patryk Milewczyk
17%
51 Daniel Chudecki
10%
124 Ernest Seroczyński
7%
109 Piotr Janecki
5%
130 Fryderyk Janiak
2%
Nie znaleziono quizów pasujących do podanych kryteriów
Rozkład punktacji
Procent ludzi z każdym wynikiem
Percentyl według liczby udzielonych odpowiedzi
Twoja historia wyników
Nie rozwiązałeś tego quizu